banner-ar

EARLY MAMLUK DIPLOMACY 1260 - 1290: TREATIES OF BAYBARS AND QALAWUN WITH CHRISTIAN RULERS VOL 12 / (Record no. 10823)

MARC details
000 -الفاتح
حقل البيانات ثابتة الطول 00521nam a2200181Ia 4500
008 - عناصر البيانات ثابتة الطول - معلومات عامة
حقل البيانات ثابتة الطول 140319s9999 xx 000 0 eng d
040 ## - مصدر الفهرسة
وكالة الفهرسة الأصلية GCL /
وكالة النسخ GCL
082 04 - رقم تصنيف ديوى العشرى
رقم التصنيف 327.4017
رقم المادة H E
100 1# - المدخل الرئيسى - إسم شخصى
الإسم الشخصى HOLT, P. M.
245 10 - بيان العنوان
العنوان EARLY MAMLUK DIPLOMACY 1260 - 1290: TREATIES OF BAYBARS AND QALAWUN WITH CHRISTIAN RULERS VOL 12 /
بيان المسئوليه,etc HOLT, P. M.
260 ## - PUBLICATION, DISTRIBUTION, ETC. (IMPRINT)
تاريخ النشر أو التوزيع 1995
300 ## - الوصف المادى
التعداد 161 P
650 04 - المدخل الاضافى بالموضوع-مصطلح موضوعى
مصطلح موضوعي ISLAM
650 04 - المدخل الاضافى بالموضوع-مصطلح موضوعى
مصطلح موضوعي EUROPE, SOURCES
650 04 - المدخل الاضافى بالموضوع-مصطلح موضوعى
مصطلح موضوعي FOREIGN RELATIONS
942 ## - عناصر المدخل الإضافي( كوها)
مصدر التصنيف او مخطط الترفيف Dewey Decimal Classification
Koha [default] item type كتاب
260 ## - PUBLICATION, DISTRIBUTION, ETC. (IMPRINT)
-- [S.N] :
-- E. J. BRILL ،
Holdings
حالة التراجع حالة الفقد حالة تلف ليس للاعارة المكان المؤقت الموقع الحالى تاريخ الاكتساب اجمالي اﻻعارات رقم الطلب الباركود تاريخ اخر مشاهدة تاريخ تفعيل السعر نوع وعاء كوها
        مكتبة القاهرة الكبرى مكتبة القاهرة الكبرى 03/26/2014   327.4017\H E 21731 03/26/2014 03/26/2014 كتاب

Powered By

EGPV